Ricostruisci la Carriera del Calciatore - Joaquín Correa - Statistics

Statistiche generali
  • Questo quiz è stato fatto 13 volte
  • Il punteggio medio è 4 su 6
Statistiche sulle risposte
Hint Risposta % Corretto
2011-2014 Estudiantes
86%
2018-2021 Lazio
86%
2021-2023 Inter
57%
2023- Olympique Marsiglia
57%
2016-2018 Siviglia
43%
2015-2016 Sampdoria
29%
Nessun quiz corrispondente trovato
Distribuzione punteggi
Percentuale di utenti per punteggio
Percentile per numero di risposta
I tuoi punteggi nel tempo
Non hai fatto questo quiz